000 00386nam a22001577a 4500
003 OSt
005 20250628162209.0
008 250628b |||||||| |||| 00| 0 eng d
020 _a978-93-13196-43-3
040 _cIIMT UNIVERSITY
100 _aRAJ, ADITYA
245 _aKNOW YOUR STATE UTTER PRADESH
260 _aDELHI
_bARIHANT PUBLICATION
_c2023
300 _a386
942 _2ddc
_c01
999 _c65720
_d65720